00194nam a2200085Ia 4500008004100000100001100041245002900052260001000081999001700091170620s9999 xx 000 0 und d aSHARMA 0aDICTIONARY OF PSYCHOLOGY bANMOL c26752d26752